000 00865nam a2200253Ia 4500
003 OSt
005 20220923220509.0
006 a|||||r|||| 00| 0
007 ta
008 220922b |||||||| |||| 00| 0 hin d
024 _a186,992
037 _cTextual
040 _aARTS
_cARTS
_bhin
041 _2hin
_ahin
082 _aX724, 152K9
100 _aसर्राफ, पुरूषोतम
_9156292
245 0 _aआयकर पद्वति की समीक्षा
246 _aĀyakar padvati kī samīkṣhā
260 _aकलकता
_b नेशनल प्रिंट क्राफ्टस
_c1969
300 _a112पृ.
_ccm.
650 _aभारतीय अर्थव्यवस्था
942 _hX724, 152K9
_cTEXL
_2CC
999 _c340235
_d340235